00329nam a2200121Ia 4500008004100000020001800041041000800059082001200067100002500079245006000104260003500164300000800199230822s2007 xx 000 0 und d a1-55297-721-8 aeng a932.012 aJACKSON K.& STAMP J. aBUULDING THE GREAT PYRAMID ,PYRAMIDS-EGYPT CIVILIZATION bFIVE STANS CENTRE PRIZESc2007 a191